[Event "NOR-chT Eliteserien 2021-22"]
[Site "Norway"]
[Date "2022.02.05"]
[Round "5.5"]
[White "Kaasen, Tor Fredrik"]
[Black "Demac, Elias"]
[Result "1/2-1/2"]
[WhiteElo "2458"]
[BlackElo "2206"]
[Annotator "TA"]
[PlyCount "114"]
[EventDate "2021.10.29"]
[EventType "team-tourn"]
[EventCountry "NOR"]
[SourceTitle "playchess.com"]
[Source "ChessBase"]
[SourceQuality "1"]

{[%evp 13,114,37,48,45,47,30,35,32,20,16,33,22,34,22,31,29,46,-12,-14,-21,-16,-22,-34,-35,-27,-29,-15,-30,11,-30,-12,-36,7,8,10,12,16,10,12,4,12,17,18,0,1,5,69,66,72,63,68,81,222,204,215,202,193,180,177,178,171,163,163,163,163,163,189,68,111,89,125,0,0,12,14,-704,0,0,0,0,0,0,0,0,0,0,0,0,0,0,0,0,0,0,0,0,0,-14,-14,-13,-13,-13,-11]} 1. e4 e5 2. Nf3 Nc6 3. Bc4 Nf6 4. d3 Be7 5. O-O O-O 6. Re1 d6 7. a4 $1 {7.a4 scores better than 7.c3.} Kh8 8. h3 {C55: Two Knights: 4 d3, 4 d4 exd4 5 e5 and Max Lange Attack.} Ng8 9. Nc3 f5 10. Nd5 {White is slightly better.} fxe4 11. dxe4 a5 12. c3 Nb8 13. b4 Nd7 {[#]} 14. Be3 $146 ({Predecessor:} 14. Ba3 Ndf6 15. bxa5 Rxa5 16. Bf1 Nxd5 17. exd5 Ra8 18. c4 Qe8 19. Bb4 Qf7 20. Ra3 {1-0 (44) Areshchenko,A (2687)-Ivanisevic,I (2606) Krasnaya Polyana 2021}) 14... Ndf6 15. Nd2 (15. Bd3 $1 $14) 15... Nxd5 $11 16. exd5 Qe8 17. Qc2 Bf5 18. Bd3 Bxd3 19. Qxd3 axb4 20. a5 bxc3 (20... Nf6 $142) 21. Ne4 (21. Qxc3 {is superior.} Qc8 22. Qb3) 21... Qg6 22. Qc4 b5 (22... c6 $15) 23. axb6 Rxa1 24. Rxa1 cxb6 {[%cal Ob6b5] And now ...b5! would win.} 25. Nxc3 Qf5 26. Nb5 {[%mdl 1024] White has compensation.} Rc8 {Inhibits Qc6.} 27. Qb3 Nf6 28. Na7 Re8 29. Nc6 Qe4 (29... Bf8 $11) 30. Nxe7 $14 Rxe7 31. Ra4 Qg6 32. Qxb6 Ne8 (32... Re8 $16) 33. Qd8 $1 $18 Qf7 34. Ra8 h6 {Inhibits Bg5.} 35. Qxd6 $1 {aiming for Bc5.} Kh7 36. Qc6 {d6 is the strong threat.} Nf6 37. d6 Rd7 38. Qc2+ $1 e4 {[#]} 39. Bf4 Qd5 40. Qa4 ({Resist} 40. Qc8 $6 e3 41. Qc2+ (41. fxe3 Rxd6 42. Qc2+ Qd3 $16) (41. Bxe3 Qd1+ 42. Kh2 Qxd6+ 43. g3 Qd3 $16) 41... Ne4 $16) ({Better is} 40. Ra1 $18) 40... Rb7 (40... Qf5 $1 $14 41. Bg3 e3 42. fxe3 Nh5) 41. Ra5 $16 Qd3 42. Qa2 {Inhibits Nd5.} (42. Kh2 $16) 42... Rb1+ $11 43. Kh2 {Black must now prevent Qe6.} Qf1 $1 (43... Qd1 $2 44. Qe6 Qh1+ 45. Kg3 $18) 44. Rf5 $2 {[%mdl 8192] [#] Active counter play!} (44. Rc5 $11) 44... e3 $2 (44... Qh1+ $1 $19 45. Kg3 Rg1) 45. Rxf6 $1 {Chess con chili. The position is equal.} Qg1+ 46. Kg3 {[%cal Of6h6] White threatens Rxh6+! and mate.} Qxf2+ 47. Qxf2 exf2 48. Rxh6+ gxh6 49. Kxf2 {[%mdl 4096] Endgame KR-KB} Kg6 50. Ke2 {d7 would kill now.} Rb7 51. Kf3 h5 52. Ke4 Kf6 53. Kd5 {Threatens to win with Kc6.} Rb1 54. Be5+ Kf7 55. g3 Rb5+ 56. Ke4 Ke6 57. Bf4 Rb1 {Weighted Error Value: White=0.30/Black=0.27 (precise)} 1/2-1/2

[Event "NOR-chT Eliteserien 2021-22"]
[Site "Norway"]
[Date "2022.02.05"]
[Round "5.5"]
[White "Royset, Jon Kr."]
[Black "Nordquelle, Daniel"]
[Result "0-1"]
[WhiteElo "2218"]
[BlackElo "2130"]
[Annotator "TA"]
[PlyCount "76"]
[EventDate "2021.10.29"]
[EventType "team-tourn"]
[EventCountry "NOR"]
[SourceTitle "playchess.com"]
[Source "ChessBase"]
[SourceQuality "1"]

{[%evp 12,76,10,-10,64,-6,0,-8,-7,-8,-2,-6,0,0,0,-11,0,0,0,0,0,-46,-24,-33,-10,-50,-20,-31,0,-45,-43,-86,-83,-86,-86,-82,-88,-81,0,0,0,-72,-64,-74,-101,-101,0,-127,-127,-127,-127,-127,-127,-258,-252,-332,-324,-422,-411,-1847,-1799,-29956,-29950,-29972,-29972,-5297,-1860]} 1. d4 d5 2. c4 e6 3. cxd5 exd5 4. Nc3 c6 5. Qc2 Bd6 6. Nf3 Ne7 7. Bg5 Qc7 {D31: Queen's Gambit Declined: Semi-Slav without ...Nf6 (+ Marshall Gambit and Noteboom) and Exchange Variation lines without ...Nf6.} (7... Na6 $11) 8. e3 ({Better is} 8. Bxe7 $14 Kxe7 9. e4) 8... Bf5 $11 9. Bd3 Bxd3 {The position is equal.} 10. Qxd3 {[#]} O-O $146 ({Predecessor:} 10... h6 11. Bh4 Ng6 12. Bg3 Bxg3 13. hxg3 Nd7 14. Rc1 Qd6 15. O-O O-O 16. e4 dxe4 17. Nxe4 {1-0 (55) Botor,M (1813)-Baranska,M (1686) Jastrzebia Gora 2015}) 11. Bh4 Ng6 12. Bg3 Nd7 13. O-O-O b5 14. Kb1 Nb6 {[%cal Bd7b6,Bb6c4,Bc4d6,Bd6e4,Be4c3][%mdl 32]} 15. Rc1 {[%cal Oc3b5] [#] Hoping for Nxb5!} Nc4 16. Nd2 (16. b3 $11 Na3+ 17. Kb2) 16... Rfe8 17. Nb3 Nf8 18. Nc5 Ne6 (18... Qe7 $5 {[%cal Rd6c5]}) 19. b3 Qb6 20. Bxd6 (20. Nxe6 $1 $11 {is superior.} Rxe6 21. Ka1) 20... Nxd6 $15 21. Ne2 (21. Rc2 $15 {was preferrable.}) 21... a5 $17 22. Nxe6 fxe6 23. Qc2 Rac8 24. Nf4 b4 (24... a4 $17) 25. Nd3 $1 $11 Ne4 26. Nc5 (26. Ka1 $11) 26... Nc3+ $17 27. Kb2 e5 28. Rhe1 ({Don't blunder} 28. Nd7 $2 Qa7 29. Nxe5 c5 $19) 28... Re7 ({Black should try} 28... Qc7 $17 {Strongly threatening ...exd4.} 29. g3 Qe7) 29. Qd2 (29. f4 $1 $11 {keeps the balance.}) 29... Rce8 {Black is more active.} 30. a4 Qc7 {Threatens to win with ...exd4.} 31. g3 Qd6 32. Rxc3 {Loses the game.} (32. Rc2 $17 {might work better.}) 32... bxc3+ $19 33. Qxc3 {[#]} Qf6 $1 {White must now prevent ...exd4.} 34. Rd1 exd4 35. exd4 (35. Qxd4 $142 Qxf2+ 36. Rd2) 35... Qxf2+ 36. Ka3 Re2 {[%csl Gf2][%cal Re2a2]} 37. Ra1 Rc2 38. Qxa5 Qxd4 {Weighted Error Value: White=0.52/Black=0.13 (very precise)} 0-1

[Event "NOR-chT Eliteserien 2021-22"]
[Site "Norway"]
[Date "2022.02.05"]
[Round "5.6"]
[White "Thanke, Bror"]
[Black "Schouten, Mathias Lind"]
[Result "1-0"]
[WhiteElo "2143"]
[BlackElo "2170"]
[Annotator "TA"]
[PlyCount "69"]
[EventDate "2021.10.29"]
[EventType "team-tourn"]
[EventCountry "NOR"]
[SourceTitle "playchess.com"]
[Source "ChessBase"]
[SourceQuality "1"]

{[%evp 16,69,18,20,56,62,52,6,20,4,62,29,37,40,75,62,62,75,76,34,50,39,54,47,50,43,45,40,39,36,37,35,162,138,247,239,283,279,281,291,322,225,391,379,483,470,453,457,412,495,29988,29989,29990,29991,29991,669]} 1. c4 e6 2. d4 Nf6 3. Nf3 d5 4. Nc3 c6 5. e3 Be7 6. Qc2 Nbd7 7. Bd3 O-O 8. O-O dxc4 9. Bxc4 b5 {D46: Semi-Slav: 5 e3 Nbd7 6 Bd3, Black avoids the Meran.} 10. Bd3 h6 11. Rd1 (11. e4 $14) 11... Bb7 $11 {[#] The position is equal.} 12. a3 $146 ({Predecessor:} 12. e4 a6 13. a3 c5 14. dxc5 Bxc5 15. e5 Ng4 16. Ne4 Qe7 17. Nxc5 Nxc5 18. Bf4 {1-0 (38) Nahalka,J (1813)-Cebo,V (1684) Ruzomberok 2016}) 12... Rc8 (12... a6 $11) 13. b4 {White is more active.} a5 14. Qb3 Nd5 {[%cal Ra5b4]} 15. e4 Nxc3 ({Not} 15... axb4 16. exd5 bxc3 17. dxe6 $16) 16. Qxc3 Ra8 17. Bd2 (17. Rb1 $16) 17... axb4 $14 18. axb4 Nb6 19. Rxa8 Qxa8 20. Ra1 Qb8 21. Qc1 {[%cal Od2h6]} Rd8 {[%cal Oe6e5]} 22. Ra3 {[%cal Od2h6]} Nd7 23. e5 {[%cal Od2h6]} Bf8 {This costs Black the game.} (23... Kf8 $14) 24. Qe1 $18 {Black must now prevent Qe4.} g6 (24... Nb6 $16) 25. h4 Bg7 26. h5 Nf8 27. hxg6 fxg6 28. Qb1 g5 $2 {[#]} (28... c5) 29. Bxg5 $1 {[%mdl 512]} hxg5 (29... Rxd4 30. Nxd4) 30. Nxg5 {White wants to mate with Bh7+.} Rd7 (30... Rxd4 {is a self mate.} 31. Bh7+ Nxh7 32. Qxh7+ Kf8 33. Rf3+) 31. Bh7+ Kh8 32. Rh3 {Prevents Bh6. Threatening mate with Bf5+.} Qd8 (32... Re7 $18 33. Qd1 Qc7) 33. Bf5+ {[%mdl 64] [#] Discovered Attack. White mates.} Kg8 34. Bxe6+ {[%mdl 64] Overworked Piece} Nxe6 35. Qh7+ {Weighted Error Value: White=0.11 (very precise) /Black=0.56} 1-0

[Event "NOR-chT Eliteserien 2021-22"]
[Site "Norway"]
[Date "2022.02.05"]
[Round "5.6"]
[White "Mansoor, Afras"]
[Black "Hobber, Anders"]
[Result "1/2-1/2"]
[WhiteElo "2003"]
[BlackElo "2381"]
[Annotator "TA"]
[PlyCount "108"]
[EventDate "2021.10.29"]
[EventType "team-tourn"]
[EventCountry "NOR"]
[SourceTitle "playchess.com"]
[Source "ChessBase"]
[SourceQuality "1"]

{[%evp 13,108,0,1,-3,15,22,19,22,25,25,27,2,14,14,18,19,19,12,26,0,0,-9,0,-10,0,-10,0,0,13,14,38,41,37,31,35,36,38,30,29,12,57,17,34,34,53,33,33,27,78,50,87,49,64,60,86,96,587,289,275,76,205,193,205,205,202,195,191,161,195,163,154,154,270,263,263,256,256,256,248,240,215,0,0,0,0,0,0,0,0,0,0,0,0,0,0,0,0]} 1. d4 e6 2. c4 b6 3. Nf3 Bb7 4. e3 Nf6 5. Bd3 d5 6. O-O Bd6 7. Nc3 {7.b3 is the hot move.} O-O 8. Qc2 {E14: Queen's Indian: Classical Variation (4 e3).} a6 9. e4 dxe4 10. Nxe4 Nbd7 {[%cal Bb8d7,Bd7f6,Bf6d5][%mdl 32]} 11. Rd1 h6 12. Be3 Nxe4 13. Bxe4 Bxe4 14. Qxe4 {[#]} Nf6 $146 ({Predecessor:} 14... Qe7 15. h3 Nf6 16. Qc2 c5 17. a4 Rfb8 18. Qe2 cxd4 19. Bxd4 Bc5 20. Bc3 a5 {1-0 (54) Cori,J (2664)-Wang,J (2377) Saint Louis 2018}) 15. Qc2 Qc8 16. c5 Be7 17. Ne5 Nd5 18. Rac1 Bf6 19. Qe4 Bxe5 20. dxe5 {cxb6 is the strong threat.} Qd8 21. Rd3 f5 22. exf6 $1 Qxf6 23. Bd4 Qf5 24. Qxf5 Rxf5 25. cxb6 cxb6 26. f3 Rf7 (26... Nf4 $11 27. Re3 Rd8) 27. a3 Rd7 28. Be5 {Prevents Nf4.} Kf7 29. Rc6 Rdd8 30. Rd2 b5 (30... Rdc8 $11 31. Rdc2 Rxc6 32. Rxc6 g5) 31. Kf2 Rd7 32. Rd4 Rdd8 33. Rg4 {White is more active.} g5 34. h4 $1 Kg6 {[%mdl 8192]} (34... Rg8 $16) 35. hxg5 (35. Rxe6+ $142 Kf5 36. Rxh6 gxh4 37. Bg7) 35... hxg5 $18 36. f4 $2 (36. Rxe6+ $18 Kf7 37. Rc6) 36... Kf5 (36... Nxf4 $16 37. Bxf4 Kf5 38. Bxg5 Rd3) 37. Rxg5+ Ke4 38. g3 ({Much less strong is} 38. Rxe6 $6 Nxf4 39. Bxf4+ Kxf4 $16) 38... Rac8 {[#]} 39. Rxc8 ({But not} 39. Rxe6 $2 Rc2+ 40. Ke1 Kf3 $19) 39... Rxc8 {[#]} 40. Bc3 $1 Nxc3 {[%mdl 4096] Endgame KRN-KR} 41. Re5+ Kd4 {Strongly threatening ...Nd1+.} 42. bxc3+ Kxc3 (42... Rxc3 $16 43. Rxe6 Rxa3) 43. Rxe6 $16 {KR-KR} a5 {[%cal Ba6a5,Ba5b4,Bb4b3,Bb3b2][%mdl 32]} 44. Rb6 b4 45. axb4 axb4 46. f5 b3 47. f6 $2 ({White must play} 47. g4 $18 b2 48. Kg3) 47... Rg8 $11 {The position is equal.} 48. Kf3 b2 $1 49. Kf4 Rg6 {[%cal Og6f6] White must now prevent ...Rxf6+!} (49... Rf8 $2 50. Kf5 $18) 50. Ke5 Rxg3 51. f7 Rf3 52. Ke6 Rxf7 53. Kxf7 Kc2 54. Rxb2+ Kxb2 {White really could win this.  Weighted Error Value: White=0.27 (precise) /Black=0.35} 1/2-1/2

[Event "NOR-chT Eliteserien 2021-22"]
[Site "Norway"]
[Date "2022.02.05"]
[Round "5.7"]
[White "Hillarp Persson, Tiger"]
[Black "Tallaksen, Levi Andre"]
[Result "1-0"]
[WhiteElo "2508"]
[BlackElo "2321"]
[Annotator "TA"]
[PlyCount "81"]
[EventDate "2021.10.29"]
[EventType "team-tourn"]
[EventCountry "NOR"]
[SourceTitle "playchess.com"]
[Source "ChessBase"]
[SourceQuality "1"]

{[%evp 9,81,27,16,13,28,20,23,21,22,4,38,29,49,56,61,29,54,45,55,54,68,65,76,88,70,86,83,56,61,50,73,57,72,63,68,70,98,95,81,70,86,79,75,58,121,128,212,206,292,244,528,513,493,474,433,240,529,511,556,564,677,585,773,775,1545,1538,1334,1263,29981,29979,29987,29988,29994,29992]} 1. Nf3 Nf6 2. g3 c5 3. Bg2 Nc6 4. O-O e5 5. c4 Be7 6. Nc3 {A04: Unusual lines after 1 Nf3 and King's Indian Attack.} O-O 7. Ne1 {[%cal Bf3e1,Be1c2,Bc2e3,Be3d5][%mdl 32]} d6 8. Nc2 {White has an edge.} Be6 9. Ne3 {[#]} Ng4 $146 ({Predecessor:} 9... Qd7 10. a3 Bh3 11. Rb1 Bxg2 12. Kxg2 Bd8 13. b4 cxb4 14. axb4 Ne7 15. d3 Bb6 {½-½ (24) Adla,D (2398)-Garza Marco,S (2398) Aragon 2017}) 10. Ned5 f5 11. d3 Qd7 12. e3 Rae8 13. a3 Bd8 14. b4 g5 15. Rb1 b6 16. Qa4 {And now h3 would win.} Ne7 17. Qxd7 Bxd7 18. bxc5 dxc5 19. a4 {[%cal Ba3a4,Ba4a5][%mdl 32]} Nf6 20. a5 {[%cal Ra5b6] White is more active.} Nfxd5 21. Nxd5 Nxd5 22. Bxd5+ Kg7 23. axb6 Bxb6 24. f3 h5 25. Kg2 Kg6 26. h4 {[%cal Bh2h4,Bh4h5,Bh5h6,Bh6h7][%mdl 32]} g4 {Black is now going downhill.} ({Black should play} 26... gxh4 $14 27. gxh4 Be6) 27. fxg4 $16 hxg4 (27... fxg4 $16 28. Rxf8 Rxf8) 28. e4 $18 Rb8 (28... Be6 $142 29. Bxe6 Rxe6 30. h5+ Kh7) 29. Be3 a5 $2 {[#]} (29... Kg7 {was worth a try.} 30. h5 Rbc8) 30. h5+ Kf6 31. exf5 a4 32. Rf2 (32. h6 $142) 32... Ba7 $2 (32... Ba5 33. Rc1 (33. Bxc5 Rxb1 34. Bxf8 Rb8 $18) 33... Rh8) 33. Ra1 Rb3 34. Be4 Bb6 35. h6 {[#] Black must now prevent h7.} Rh8 36. Rh1 {aiming for h7.} a3 37. h7 Be8 38. Rh6+ Kg7 39. f6+ {[%cal Bf5f6,Bf6f7][%mdl 32] White mates.} Kf8 40. f7 Ba4 41. Rxb6 {Weighted Error Value: White=0.11 (very precise) /Black=0.52} 1-0

[Event "NOR-chT Eliteserien 2021-22"]
[Site "Norway"]
[Date "2022.02.05"]
[Round "5.7"]
[White "Abdrlauf, Elham"]
[Black "Plat, Vojtech"]
[Result "0-1"]
[WhiteElo "2343"]
[BlackElo "2554"]
[Annotator "TA"]
[PlyCount "114"]
[EventDate "2021.10.29"]
[EventType "team-tourn"]
[EventCountry "NOR"]
[SourceTitle "playchess.com"]
[Source "ChessBase"]
[SourceQuality "1"]

{[%evp 17,114,49,34,-13,0,0,0,3,7,-21,-17,-22,0,0,-8,0,0,0,0,0,52,0,43,0,38,44,47,45,70,14,31,20,14,19,43,-13,20,0,0,-125,-108,-262,-278,-279,-208,-203,-181,-170,-158,-208,-210,-197,-198,-210,-210,-210,-205,-206,-169,-170,-170,-169,-169,-170,-170,-165,-162,-249,-256,-246,-260,-258,-241,-445,-258,-256,-270,-245,-259,-267,-254,-457,-458,-487,-469,-923,-889,-5177,-5611,-5273,-5251,-2067,-5065,-1957,-1879,-2680,-2405,-1781,-1522]} 1. e4 g6 2. d4 Bg7 3. Nf3 d6 4. Be3 Nf6 5. Nc3 c6 6. Qd2 b5 7. Bh6 O-O 8. Bd3 Bg4 9. Bxg7 {9.h4 is the modern continuation.} Kxg7 10. Ng5 {was the old line (10.e5). B08: Pirc Defence: Classical System.} (10. h4 $14) 10... e5 11. dxe5 dxe5 12. h3 {The position is equal.} Bc8 13. a4 b4 14. Ne2 {[%cal Bc3e2,Be2c1,Bc1b3][%mdl 32]} a5 15. O-O h6 16. Nf3 Nbd7 {[#]} 17. Qe3 $146 ({Predecessor:} 17. Rfd1 Qe7 18. Nc1 Nc5 19. Qe3 Re8 20. Nb3 Nxb3 21. cxb3 Qa7 22. Re1 Qxe3 23. Rxe3 {½-½ (29) Van Reybrouck,H (2073)-Marrone,V (2049) ICCF email 2010}) 17... Qe7 18. Nc1 Nh5 (18... Nc5 $11) 19. Re1 (19. Nb3 $14) 19... Nf4 (19... Nc5 $11) 20. Bf1 (20. Nb3 $1 $14) 20... Bb7 21. Nb3 Ne6 22. Red1 Rfd8 {[%cal Bf8d8,Bd8b8,Bb8b4][%mdl 32]} 23. Rd2 (23. c3 $14) 23... c5 $11 24. c3 $1 {To avoid Nd4} Bc6 25. Bc4 Nf4 26. Bf1 (26. cxb4 $1 $14 cxb4 27. Bf1) 26... bxc3 27. bxc3 Rdb8 28. c4 (28. Rb2 $11) 28... Ne6 29. Qc3 $2 {Loses the game.} (29. Nc1 $17 {was necessary.}) 29... Nd4 $1 $19 30. Rb2 Rb4 {Strongly threatening ...Rab8.} 31. Nbd2 Nb6 ({Stronger than} 31... Bxa4 32. Rba2 Nb6 33. Nxd4 exd4 34. Qd3) 32. Rba2 Rxa4 33. Ne1 (33. Nh2 $17) 33... Rxa2 34. Rxa2 a4 35. Nd3 Nd7 {[%cal Bb6d7,Bd7f6,Bf6h5,Bh5f4][%mdl 32]} 36. Nb2 Qg5 37. Nd1 Nf6 38. Qd3 Nh5 39. Nc3 Nf4 $36 {[%mdl 2048] Keeping White busy.} 40. Qe3 Rb8 41. Kh2 Nfe6 42. Qd3 (42. Kg1 $142) 42... Nb3 43. Nf3 Qf4+ 44. g3 Qf6 45. Nd5 $2 {[#]} (45. Qd6 Nc1 46. Rc2) 45... Nc1 $1 {[%mdl 512]} 46. Nxf6 Nxd3 47. Nh5+ gxh5 48. Bxd3 f6 49. Bc2 $2 (49. Nd2 {keeps fighting.}) 49... Nd4 {Black is clearly winning.} 50. Nxd4 exd4 ({But not} 50... cxd4 $2 51. Bxa4 Bxe4 52. Bb5 $19) 51. Bxa4 {[%mdl 4096] Endgame KRB-KRB} (51. Ra1 $142) 51... Ra8 52. Bb3 Rxa2 53. Bxa2 Bxe4 54. Kg1 Bc2 {[#] ( -> ...d3)} 55. Kf1 h4 56. Ke2 hxg3 57. fxg3 Kg6 {Weighted Error Value: White=0.57/Black=0.15 (very precise)} 0-1

[Event "NOR-chT Eliteserien 2021-22"]
[Site "Norway"]
[Date "2022.02.05"]
[Round "5.8"]
[White "Pantzar, Milton"]
[Black "Galchenko, Matvey"]
[Result "1-0"]
[WhiteElo "2422"]
[BlackElo "2443"]
[Annotator "TA"]
[PlyCount "93"]
[EventDate "2021.10.29"]
[EventType "team-tourn"]
[EventCountry "NOR"]
[SourceTitle "playchess.com"]
[Source "ChessBase"]
[SourceQuality "1"]

{[%evp 17,93,37,63,56,66,11,54,62,89,19,91,37,76,72,79,70,79,77,82,82,75,67,60,47,64,63,63,63,63,63,63,63,63,63,63,63,63,63,63,60,63,44,43,40,51,43,41,27,54,47,72,50,43,11,72,28,317,301,293,263,469,410,549,536,586,532,869,850,1214,1200,29995,29996,29996,29997,29997,29998,29998,29999]} 1. d4 e6 2. c4 f5 3. g3 Nf6 4. Bg2 c6 5. Nd2 d5 6. Nh3 Bd6 7. O-O O-O 8. Nf3 Qe7 9. Bf4 Nbd7 10. Bxd6 {A90: Dutch Defence: Miscellaneous and Modern Stonewall (with ...Bd6).} Qxd6 11. Nf4 (11. Qc2 $14) 11... Ne4 (11... dxc4 $11 12. Rc1 Nd5) 12. Rc1 $14 {[#] White is slightly better.} Ndf6 $146 ({Predecessor:} 12... Kh8 13. Nd3 {½-½ (13) Cabrilo,G (2392)-Svicevic,R (2257) Belgrade 2019}) 13. Qc2 (13. c5 $16 Qc7 14. Nd3) 13... Bd7 (13... dxc4 $1 $11 {keeps the balance.} 14. h4 (14. Qxc4 g5 $11) 14... b5) 14. e3 (14. Nd3 $16) 14... Be8 15. Ne5 Qe7 16. b4 a6 17. a4 Nd7 18. Nxd7 Bxd7 19. Nd3 Nd6 20. Ne5 Rfc8 21. c5 (21. h4 {is interesting.} Nf7 22. Nd3 Nd6 23. Nb2 b5 24. c5) 21... Nf7 22. Nxf7 {White is much more active.} Qxf7 23. Rb1 Be8 24. f4 Qe7 25. Rfc1 Bd7 26. Bf1 g5 27. Qf2 h6 28. Rb3 Kh8 29. b5 axb5 30. axb5 Rg8 31. bxc6 Bxc6 32. Bb5 Rg7 33. Rcb1 Rag8 34. Bxc6 bxc6 35. Rb8 Qa7 (35... Rxb8 $11 {remains equal.} 36. Rxb8+ Rg8) 36. Qb2 ({White should try} 36. R8b6 $16) 36... h5 $2 {[%mdl 8192] [#] A mistake that costs the game.} (36... g4 $11) 37. Rxg8+ $1 $18 Rxg8 38. fxg5 {[%mdl 4096] Endgame KQR-KQR} h4 $2 (38... Rxg5 39. Qb8+ Qxb8 40. Rxb8+ Kg7) 39. gxh4 Qh7 40. Qf2 f4 41. Rf1 fxe3 42. Qf6+ Rg7 43. Qxe6 {[#] Rf8+ would kill now.} Qxh4 44. Rf8+ {White mates.} Kh7 45. Qf5+ Rg6 46. Rf7+ Kh8 47. Qe5+ {Weighted Error Value: White=0.13 (very precise) /Black=0.65} ({Inferior is} 47. Qxg6 Qg4+ 48. Kh1 Qd1+ 49. Kg2 Qg4+ 50. Kh1 Qd1+ 51. Kg2 Qg4+ 52. Kh1 $11) 1-0

[Event "NOR-chT Eliteserien 2021-22"]
[Site "Norway"]
[Date "2022.02.05"]
[Round "5.8"]
[White "Shehzad, Shazil"]
[Black "Haubro, Martin"]
[Result "0-1"]
[WhiteElo "2182"]
[BlackElo "2399"]
[Annotator "TA"]
[PlyCount "104"]
[EventDate "2021.10.29"]
[EventType "team-tourn"]
[EventCountry "NOR"]
[SourceTitle "playchess.com"]
[Source "ChessBase"]
[SourceQuality "1"]

{[%evp 29,104,11,12,17,8,0,28,22,32,0,0,-37,0,-12,19,-79,-76,-170,-127,-164,-161,-159,-95,-97,-118,-121,-104,-117,-72,-105,-84,-157,-159,-155,-142,-151,-160,-157,-155,-157,-152,-187,-176,-200,-214,-201,-211,-238,-250,-291,-278,-363,-369,-369,-353,-634,-557,-654,-569,-510,-596,-644,-756,-704,-635,-675,-761,-755,-714,-610,-673,-731,-725,-1036,-1038,-2063,-1831]} 1. e4 e5 2. Nf3 Nc6 3. Bb5 {[%cal Bf1b5,Bb5a4,Ba4b3][%mdl 32]} a6 4. Ba4 Nf6 5. O-O Be7 6. Re1 b5 7. Bb3 d6 8. c3 O-O 9. h3 Nb8 10. d4 Nbd7 11. Nbd2 Bb7 12. Bc2 Re8 13. Nf1 Bf8 14. Ng3 g6 15. Bd2 Bg7 16. Qc1 {C95: Closed Ruy Lopez: Breyer Variation with 10 d4.} d5 17. dxe5 Nxe5 18. Nxe5 {White has an edge.} Rxe5 {[#]} 19. Bf4 $146 (19. f4 $5 {[%cal Rf4e5]} Re7 20. e5 $11) ({Predecessor:} 19. f4 Re8 20. e5 Nd7 21. b4 c5 22. Be3 Rc8 23. Qd1 cxb4 24. cxb4 Nxe5 25. fxe5 Bxe5 {0-1 (40) Ferreira,J (2499)-Oparin,G (2609) Barcelona 2017}) 19... Re6 {[%cal Rd5e4]} 20. Bg5 {Strongly threatening e5.} Qd7 21. e5 Rae8 (21... Ne4 $5) 22. Bf4 ({Of course not} 22. Bxf6 Bxf6 23. f4 Bh4 $17) (22. f4 $1 $11 Qc6 23. Kh1) 22... Qc6 {[%cal Od5d4]} 23. Ne2 (23. f3 $2 Nd7 24. Qd2 Nxe5 $19) (23. Bb3 $17) 23... d4 $1 $19 {[%csl Gb7][%cal Rc6g2]} 24. f3 dxc3 25. Nxc3 Qc5+ (25... Nh5 $142 $1 26. Bh2 (26. Be4 Qc4 $17) 26... Bxe5 27. Bxe5 Rxe5 28. Rxe5 Rxe5) 26. Be3 Qxe5 {[%cal Og7h6]} 27. Bb3 R6e7 {[%cal Og7h6] Hoping for ...Bh6!} 28. Bf2 Qd6 ({Black should try} 28... Qf5 $1 {White must now prevent ...Rxe1+.} 29. Rxe7 Rxe7) 29. Rxe7 Qxe7 30. Qc2 (30. Qg5 $142) 30... c5 $1 $17 {[%cal Bc7c5,Bc5c4,Bc4c3][%mdl 32] And now ...c4 would win.} 31. Re1 Qf8 32. Qd2 Rxe1+ 33. Qxe1 c4 34. Bc2 Qd8 35. b3 b4 36. Na4 {[%cal Bc3a4,Ba4c5,Bc5d3][%mdl 32]} c3 37. Nc5 Bc8 38. Nd3 a5 39. Qe3 Bf5 40. Qb6 Qxb6 41. Bxb6 Nd5 42. Bf2 (42. Bxa5 Bd4+ 43. Kh2) 42... Bxd3 $19 {Black is clearly winning.} 43. Bxd3 {[%mdl 4096] Endgame [#] KBB-KBN} Nf4 $1 44. Bb1 {[#]} Bd4 $1 {[%mdl 512]} 45. Kf1 (45. h4 Ne6) 45... Bxf2 46. Kxf2 {KB-KN} Kf8 47. h4 Ke7 48. g3 Ne6 49. Ke3 Kd6 50. Bd3 Kc5 51. Bc4 Nd4 52. Bxf7 {[#]} Nxf3 $1 {[%mdl 512] Weighted Error Value: White=0.57/Black=0.08 (flawless)} 0-1

[Event "NOR-chT Eliteserien 2021-22"]
[Site "Norway"]
[Date "2022.02.05"]
[Round "5.9"]
[White "Tisdall, Jonathan D"]
[Black "Fossan, Erik"]
[Result "1/2-1/2"]
[WhiteElo "2414"]
[BlackElo "2335"]
[Annotator "TA"]
[PlyCount "16"]
[EventDate "2021.10.29"]
[EventType "team-tourn"]
[EventCountry "NOR"]
[SourceTitle "playchess.com"]
[Source "ChessBase"]
[SourceQuality "1"]

{[%evp 9,16,25,14,16,18,-14,-8,-13,-4]} 1. Nf3 c5 2. c4 Nc6 3. Nc3 e5 4. e3 Nf6 5. d4 e4 6. Ne5 {The position is equal. A34: Symmetrical English: 2 Nc3, lines with ...d5.} h5 {[#]} 7. g3 $146 ({Predecessor:} 7. Be2 Bd6 8. f4 cxd4 9. exd4 Bb8 10. O-O Ne7 11. c5 d6 12. cxd6 Nf5 13. Qa4+ {1-0 (56) Rakhmanov,A (2606)-Grandelius,N (2691) Khanty-Mansiysk 2019}) 7... Qc7 8. Bg2 Nxe5 {An uneventful encounter.  Weighted Error Value: White=0.12 (very precise) /Black=0.03 (flawless)} 1/2-1/2